000 00405nam a2200157Ia 4500
003 GCL
008 140319s9999 xx 000 0 ara d
040 _aGCL /
_cGCL
082 0 4 _aط
_b813.087
_bم و
100 1 _aمحمود قاسم
245 1 0 _aوكر الثعبان الاسود /
_cمحمود قاسم
300 _a87 ص
490 _a100 قصة
_v0
650 0 4 _aالاطفال
942 _2ddc
_cBK
999 _c46033
_d46033